Bienvenue à la E-Bibliothèque de l’UEH

Bénéficiez l'accès à des milliers de ressources en ligne

Les défis de l'éducation en Amérique latine / (notice nᵒ 6528)

détails MARC
000 -LEADER
fixed length control field 02651 a2200325 4500
001 - CONTROL NUMBER
control field OB-iheal-1547
003 - CONTROL NUMBER IDENTIFIER
control field FrMaCLE
005 - DATE AND TIME OF LATEST TRANSACTION
control field 20251214082644.0
007 - PHYSICAL DESCRIPTION FIXED FIELD--GENERAL INFORMATION
fixed length control field cu ||||||m||||
008 - FIXED-LENGTH DATA ELEMENTS--GENERAL INFORMATION
fixed length control field 140129e||||||||xx |||||s|||||||||0|fr|d
020 ## - INTERNATIONAL STANDARD BOOK NUMBER
International Standard Book Number 978-2-37154-000-2
024 7# - OTHER STANDARD IDENTIFIER
Standard number or code 10.4000/books.iheal.1547
Source of number or code doi
040 ## - CATALOGING SOURCE
Original cataloging agency FR-FrMaCLE
041 ## - LANGUAGE CODE
Language code of text/sound track or separate title fra
100 1# - MAIN ENTRY--PERSONAL NAME
Personal name Blanquer, Jean-Michel
245 14 - TITLE STATEMENT
Title Les défis de l'éducation en Amérique latine /
Statement of responsibility, etc. Jean-Michel Blanquer, Hélgio Trindade.
260 ## - PUBLICATION, DISTRIBUTION, ETC.
Place of publication, distribution, etc. Paris :
Name of publisher, distributor, etc. Éditions de l’IHEAL,
Date of publication, distribution, etc. 2014.
300 ## - PHYSICAL DESCRIPTION
Extent 304 p.
500 ## - GENERAL NOTE
General note Ebook
520 ## - SUMMARY, ETC.
Summary, etc. Dans le domaine de l'éducation comme dans d'autres domaines, l'Amérique latine connaît de façon accentuée des problèmes qui se posent au monde entier. Le défi est celui du passage d'un système social à un autre, de l'ère industrielle (ou parfois directement de l'ère agricole) à l'ère de la connaissance. La mutation de l'éducation accompagne, et canalise, la mutation des sociétés, laquelle se produit à une échelle et à un degré inédits. Des phénomènes majeurs se produisent : fin des hiérarchies anciennes (où le capital physique et la compétence juridique assuraient la domination), et passage à des sociétés plus ouvertes (au prix souvent d'un certain désordre), où capital financier et matière grise sont les deux mamelles du succès. Alors que la société est plus fluide, les inégalités augmentent. La seule réponse solide qui peut être apportée à ce paradoxe contemporain est un développement de même ampleur de l'éducation, quantitativement et qualitativement. C'est la raison pour laquelle nous avions décidé d'organiser, à la fin du mois de septembre 1999, dans le cadre de « la Cita » de Biarritz, un grand colloque sur « les défis de l'éducation en Amérique latine ». Il nous apparaissait en effet que le moment était venu de donner une impulsion aux études menées en Europe sur ces questions, afin que les expériences menées de part et d'autre de l'Atlantique soient mieux connues et que de cette connaissance puisse surgir une stratégie quant au développement de l'éducation dans un monde et dans des sociétés équilibrés.
540 ## - TERMS GOVERNING USE AND REPRODUCTION NOTE
Terms governing use and reproduction OpenEdition Books License
Uniform Resource Identifier <a href="https://www.openedition.org/12554">https://www.openedition.org/12554</a>
650 #4 - SUBJECT ADDED ENTRY--TOPICAL TERM
Topical term or geographic name entry element Education & Educational Research
Topical term or geographic name entry element éducation
Topical term or geographic name entry element éducation comparée
Topical term or geographic name entry element éducation et État
700 1# - ADDED ENTRY--PERSONAL NAME
Personal name Trindade, Hélgio
760 0# - MAIN SERIES ENTRY
International Standard Serial Number 2780-4283
776 ## - ADDITIONAL PHYSICAL FORM ENTRY
International Standard Book Number 978-2-907163-83-5
856 4# - ELECTRONIC LOCATION AND ACCESS
Data provenance Blanquer, Jean-Michel
Uniform Resource Identifier <a href="https://books.openedition.org/iheal/1547">https://books.openedition.org/iheal/1547</a>
Link text Les défis de l'éducation en Amérique latine

Pas d'exemplaire disponible.

Bibliothèque universitaire de l'UEH
Portail centralisé donnant accès au catalogue, aux ressources numériques et aux productions scientifiques de l’Université d’État d’Haïti.

Plateformes institutionnelles

  • Dépôt institutionnel UEH
  • Revues scientifiques UEH
  • GED institutionnelle
  • UEH enseignement à distance

Contact

  • Adresse : 21 Rue Rivière, Port-au-Prince
  • Email : bibliotheque@ueh.edu.ht
  • Téléphone : +509 22-45-68-43 / 22-45-68-44
  • Heures : Lundi–Vendredi 8h–16h
© 2026 UEH – E-Bibliothèque de l’Université d’État d’Haïti | À propos | Confidentialité | Conditions | Mentions légales | Accessibilité | Plan du site | Contact